000 01062cam a2200301 a 4500
999 _c478
_d478
001 3958889
003 OSt
005 20210614121423.0
008 940214s1995 nyua b 001 0 eng
010 _a 94006160
020 _a0801313880
040 _aDLC
_cDLC
_dDLC
050 0 0 _aHA29
_b.W433 1995
082 0 0 _a519.5/024362
_220
100 1 _aWeinbach, Robert W.
245 1 0 _aStatistics for social workers /
_cRobert W. Weinbach, Richard M. Grinnell, Jr.
250 _a3rd ed.
260 _aWhite Plains, NY :
_bLongman,
_cc1995.
300 _axv, 246 p. :
_bill. ;
_c24 cm.
504 _aIncludes bibliographical references (p. 241-242) and index.
650 0 _aSocial sciences
_xStatistical methods.
650 0 _aSocial service
_xStatistical methods.
650 0 _aStatistics.
700 1 _aGrinnell, Richard M.
906 _a7
_bcbc
_corignew
_d1
_eocip
_f19
_gy-gencatlg
942 _2lcc
_cBK
_nSO